Electronic surveillance devices-(E-BOOK) (Record no. 191356)
[ view plain ]
| 000 -LEADER | |
|---|---|
| fixed length control field | 00908 a2200241 4500 |
| 003 - CONTROL NUMBER IDENTIFIER | |
| control field | Nust |
| 005 - DATE AND TIME OF LATEST TRANSACTION | |
| control field | 20170207154014.0 |
| 020 ## - INTERNATIONAL STANDARD BOOK NUMBER | |
| International Standard Book Number | 0-7506-5199-7 (pbk.) |
| 040 ## - CATALOGING SOURCE | |
| Transcribing agency | Nust |
| 082 ## - DEWEY DECIMAL CLASSIFICATION NUMBER | |
| Classification number | 621.38928 |
| 082 ## - DEWEY DECIMAL CLASSIFICATION NUMBER | |
| Classification number | 621.38928 |
| 100 1# - MAIN ENTRY--PERSONAL NAME | |
| Personal name | Brookes, Paul |
| 245 00 - TITLE STATEMENT | |
| Title | Electronic surveillance devices-(E-BOOK) |
| Statement of responsibility, etc. | Paul Brookes |
| 250 ## - EDITION STATEMENT | |
| Edition statement | 2. ed. |
| 260 ## - PUBLICATION, DISTRIBUTION, ETC. | |
| Place of publication, distribution, etc. | Oxford : |
| Name of publisher, distributor, etc. | Newnes, |
| Date of publication, distribution, etc. | 2001 |
| 300 ## - PHYSICAL DESCRIPTION | |
| Extent | 146 s. |
| 500 ## - GENERAL NOTE | |
| General note | Previous ed.: Oxford : Butterworth-Heinemann, 1996 |
| 505 ## - FORMATTED CONTENTS NOTE | |
| Formatted contents note | 1 Why use electronic surveillance? 1- 2 Types of devices 7- 3 Room transmitters 51- 4 Telephone transmitters 71- 5 Switching devices 82- 6 Video devices 95- 7 Countermeasures 107- 8 Receiving equipment 127- 9 Self-bugging 136 |
| 650 #7 - SUBJECT ADDED ENTRY--TOPICAL TERM | |
| Topical term or geographic name entry element | Electronic monitoring of parolees and probationers |
| 650 #7 - SUBJECT ADDED ENTRY--TOPICAL TERM | |
| Topical term or geographic name entry element | Electronic surveillance |
| General subdivision | Equipment and supplies |
| 650 #7 - SUBJECT ADDED ENTRY--TOPICAL TERM | |
| Topical term or geographic name entry element | Elektroniska komponenter |
| 650 #7 - SUBJECT ADDED ENTRY--TOPICAL TERM | |
| Topical term or geographic name entry element | Intensiv?vakning |
| 942 ## - ADDED ENTRY ELEMENTS (KOHA) | |
| Source of classification or shelving scheme | |
| Koha item type | Book |
| Withdrawn status | Lost status | Source of classification or shelving scheme | Damaged status | Not for loan | Collection code | Permanent Location | Current Location | Date acquired | Total Checkouts | Full call number | Barcode | Date last seen | Price effective from | Koha item type |
|---|---|---|---|---|---|---|---|---|---|---|---|---|---|---|
| Military College of Signals (MCS) | Military College of Signals (MCS) | 12/12/2016 | 621.38928 BRO | MCSEB-725 | 12/08/2016 | 12/12/2016 | Book |
